ბათუმის შოთა რუსთაველის სახელმწიფო უნივერსიტეტის ბიბლიოთეკა

Иммунология (ბიბ.ჩანაწერი № 35148)

000 -LEADER
fixed length control field 00568nam a2200229Ia 4500
001 - CONTROL NUMBER
control field 990
003 - CONTROL NUMBER IDENTIFIER
control field GE_BSU
008 - FIXED-LENGTH DATA ELEMENTS--GENERAL INFORMATION
fixed length control field 181216s||||||||xx |||||||||||||| ||und||
040 ## - CATALOGING SOURCE
Transcribing agency GE_BSU
080 ## - UNIVERSAL DECIMAL CLASSIFICATION NUMBER
Universal Decimal Classification number 616
100 ## - MAIN ENTRY--PERSONAL NAME
Personal name Петров,Р.В.
245 ## - TITLE STATEMENT
Title Иммунология
245 ## - TITLE STATEMENT
Remainder of title Учебное пособие для туд. медиц. ин-тов
260 ## - PUBLICATION, DISTRIBUTION, ETC.
Place of publication, distribution, etc. Москва
260 ## - PUBLICATION, DISTRIBUTION, ETC.
Name of publisher, distributor, etc. Медицина
260 ## - PUBLICATION, DISTRIBUTION, ETC.
Date of publication, distribution, etc. 1987
300 ## - PHYSICAL DESCRIPTION
Extent 416стр.
653 ## - INDEX TERM--UNCONTROLLED
Uncontrolled term Иммунология
653 ## - INDEX TERM--UNCONTROLLED
Uncontrolled term медицина
942 ## - ADDED ENTRY ELEMENTS (KOHA)
Koha item type წიგნი
ეგზემპლარები
Withdrawn status Lost status Damaged status Not for loan Date acquired Barcode Date last seen Price effective from Koha item type
        2018-12-17 2003 2018-12-17 2018-12-17 წიგნი